000
00298nam a22001217a 4500
008
160523b xxu||||| |||| 00| 0 eng d
020
_a
9780781745055
020
_a
078174505
041
_a
eng
080
_a
615
245
_a
Introduction to community based nursing:
_c
Roberta Hunt;
942
_2
udc
_c
BK
999
_c
2405
_d
2405